Realms of the Angevin Empire in 1166 on a Map - Statistics

General Stats
  • This quiz has been taken 136 times
  • The average score is 7 of 14
Answers on the Map
Answers color-coded by a green-red scale on the quiz's map according to % correct below.
 
Answer Stats
Answer % Correct
Normandy
99%
England
98%
Brittany
97%
Aquitaine
73%
Anjou
58%
Maine
53%
Gascony
50%
Auvergne
39%
Poitou
38%
Touraine
22%
Berry
21%
La Marche
20%
Limoges
20%
Périgord
18%
No matching quizzes found
Score Distribution
Percent of People with Each Score
Percentile by Number Answered
Your Score History
You have not taken this quiz